<?xml version="1.0" encoding="UTF-8"?>
<record
    xmlns:xsi="http://www.w3.org/2001/XMLSchema-instance"
    xsi:schemaLocation="http://www.loc.gov/MARC21/slim http://www.loc.gov/standards/marcxml/schema/MARC21slim.xsd"
    xmlns="http://www.loc.gov/MARC21/slim">

  <leader>02375nam a22004337a 4500</leader>
  <controlfield tag="003">dpl</controlfield>
  <controlfield tag="005">20080917121539.0</controlfield>
  <controlfield tag="007">DVD</controlfield>
  <controlfield tag="008">080917t        xxu||||| |||| 00| 0 eng d</controlfield>
  <datafield tag="010" ind1=" " ind2=" ">
    <subfield code="a">DVD-000651-653 &amp; DVD-005590-5592</subfield>
  </datafield>
  <datafield tag="024" ind1=" " ind2=" ">
    <subfield code="2">DHIF0628S</subfield>
    <subfield code="c">39.00</subfield>
  </datafield>
  <datafield tag="035" ind1=" " ind2=" ">
    <subfield code="a">DVD-000651-653 &amp; DVD-0-05590-5592</subfield>
  </datafield>
  <datafield tag="040" ind1=" " ind2=" ">
    <subfield code="a">DPL</subfield>
    <subfield code="c">DPL</subfield>
  </datafield>
  <datafield tag="082" ind1=" " ind2=" ">
    <subfield code="a">DVD / APNA</subfield>
  </datafield>
  <datafield tag="245" ind1=" " ind2=" ">
    <subfield code="a">Apna Sapna Money Money</subfield>
    <subfield code="c">Mukta Arts Entertainment</subfield>
    <subfield code="h">[Videorecording] DVD /</subfield>
  </datafield>
  <datafield tag="260" ind1=" " ind2=" ">
    <subfield code="a">New Delhi</subfield>
    <subfield code="b">Moser Baer India Ltd.</subfield>
  </datafield>
  <datafield tag="300" ind1=" " ind2=" ">
    <subfield code="a">1 Videodisc DVD ; </subfield>
    <subfield code="b">sd., col.;</subfield>
    <subfield code="c">4 3/4 in.</subfield>
    <subfield code="f">DVD</subfield>
  </datafield>
  <datafield tag="440" ind1=" " ind2=" ">
    <subfield code="a">Moser Baer Entertaqinment</subfield>
  </datafield>
  <datafield tag="500" ind1=" " ind2=" ">
    <subfield code="a"> </subfield>
  </datafield>
  <datafield tag="538" ind1=" " ind2=" ">
    <subfield code="a">Dolby Digital 5.1, Language Hindi,  Subtitles Enlish</subfield>
  </datafield>
  <datafield tag="650" ind1=" " ind2=" ">
    <subfield code="a"> Motion picture</subfield>
  </datafield>
  <datafield tag="700" ind1=" " ind2=" ">
    <subfield code="a">Farooqui, Raju</subfield>
  </datafield>
  <datafield tag="700" ind1=" " ind2=" ">
    <subfield code="a">Pritam</subfield>
  </datafield>
  <datafield tag="700" ind1=" " ind2=" ">
    <subfield code="a">Ahmed, Sabir</subfield>
  </datafield>
  <datafield tag="700" ind1=" " ind2=" ">
    <subfield code="a">Sivan, Sangeeth</subfield>
  </datafield>
  <datafield tag="700" ind1=" " ind2=" ">
    <subfield code="a">Ritaesh</subfield>
  </datafield>
  <datafield tag="700" ind1=" " ind2=" ">
    <subfield code="a">Mitra, Koena</subfield>
  </datafield>
  <datafield tag="700" ind1=" " ind2=" ">
    <subfield code="a">Talpade, Shreyas</subfield>
  </datafield>
  <datafield tag="700" ind1=" " ind2=" ">
    <subfield code="a">Yadav, Rajpal</subfield>
  </datafield>
  <datafield tag="942" ind1=" " ind2=" ">
    <subfield code="2">ddc</subfield>
    <subfield code="c">CF</subfield>
    <subfield code="h">DVD </subfield>
    <subfield code="m">APNA</subfield>
  </datafield>
  <datafield tag="999" ind1=" " ind2=" ">
    <subfield code="c">15493</subfield>
    <subfield code="d">15493</subfield>
  </datafield>
  <datafield tag="952" ind1=" " ind2=" ">
    <subfield code="0">0</subfield>
    <subfield code="1">0</subfield>
    <subfield code="2">ddc</subfield>
    <subfield code="4">0</subfield>
    <subfield code="7">0</subfield>
    <subfield code="a">L</subfield>
    <subfield code="b">L</subfield>
    <subfield code="d">2008-09-17</subfield>
    <subfield code="e">Purchase</subfield>
    <subfield code="g">39.00</subfield>
    <subfield code="l">28</subfield>
    <subfield code="o">DVD  APNA</subfield>
    <subfield code="p">DVD-000651</subfield>
    <subfield code="r">2013-08-21 00:00:00</subfield>
    <subfield code="s">2013-08-16</subfield>
    <subfield code="t">1</subfield>
    <subfield code="v">39.00</subfield>
    <subfield code="w">2008-09-17</subfield>
    <subfield code="y">CF</subfield>
  </datafield>
  <datafield tag="952" ind1=" " ind2=" ">
    <subfield code="0">0</subfield>
    <subfield code="1">0</subfield>
    <subfield code="2">ddc</subfield>
    <subfield code="4">0</subfield>
    <subfield code="7">0</subfield>
    <subfield code="a">ZLS</subfield>
    <subfield code="b">ZLS</subfield>
    <subfield code="d">2008-09-17</subfield>
    <subfield code="e">Purchase</subfield>
    <subfield code="g">39.00</subfield>
    <subfield code="l">21</subfield>
    <subfield code="o">DVD  APNA</subfield>
    <subfield code="p">DVD-000652</subfield>
    <subfield code="r">2015-06-01 00:00:00</subfield>
    <subfield code="s">2015-05-20</subfield>
    <subfield code="t">1</subfield>
    <subfield code="v">39.00</subfield>
    <subfield code="w">2008-09-17</subfield>
    <subfield code="y">CF</subfield>
  </datafield>
  <datafield tag="952" ind1=" " ind2=" ">
    <subfield code="0">0</subfield>
    <subfield code="1">0</subfield>
    <subfield code="2">ddc</subfield>
    <subfield code="4">0</subfield>
    <subfield code="7">0</subfield>
    <subfield code="a">BL1</subfield>
    <subfield code="b">BL1</subfield>
    <subfield code="d">2008-09-17</subfield>
    <subfield code="e">Purchase</subfield>
    <subfield code="g">39.00</subfield>
    <subfield code="l">15</subfield>
    <subfield code="o">DVD  APNA</subfield>
    <subfield code="p">DVD-000653</subfield>
    <subfield code="r">2014-03-23 00:00:00</subfield>
    <subfield code="s">2014-03-11</subfield>
    <subfield code="t">1</subfield>
    <subfield code="v">39.00</subfield>
    <subfield code="w">2008-09-17</subfield>
    <subfield code="y">CF</subfield>
  </datafield>
  <datafield tag="952" ind1=" " ind2=" ">
    <subfield code="0">0</subfield>
    <subfield code="1">0</subfield>
    <subfield code="2">ddc</subfield>
    <subfield code="4">0</subfield>
    <subfield code="7">0</subfield>
    <subfield code="a">JP</subfield>
    <subfield code="b">JP</subfield>
    <subfield code="d">2010-01-09</subfield>
    <subfield code="e">Pioneers/948/17-11-09/325/13-10-09 /30-11-09 	</subfield>
    <subfield code="g">39.00</subfield>
    <subfield code="l">16</subfield>
    <subfield code="o">DVD  APNA</subfield>
    <subfield code="p">DVD-005590</subfield>
    <subfield code="r">2013-11-26 00:00:00</subfield>
    <subfield code="s">2013-11-04</subfield>
    <subfield code="t">1</subfield>
    <subfield code="v">39.00</subfield>
    <subfield code="w">2010-01-09</subfield>
    <subfield code="y">CF</subfield>
  </datafield>
  <datafield tag="952" ind1=" " ind2=" ">
    <subfield code="0">0</subfield>
    <subfield code="1">0</subfield>
    <subfield code="2">ddc</subfield>
    <subfield code="4">0</subfield>
    <subfield code="7">0</subfield>
    <subfield code="a">RKP</subfield>
    <subfield code="b">RKP</subfield>
    <subfield code="d">2010-01-09</subfield>
    <subfield code="e">Pioneers/948/17-11-09/325/13-10-09 /30-11-09 	</subfield>
    <subfield code="g">39.00</subfield>
    <subfield code="l">3</subfield>
    <subfield code="o">DVD  APNA</subfield>
    <subfield code="p">DVD-005591</subfield>
    <subfield code="r">2012-07-27 00:00:00</subfield>
    <subfield code="s">2012-07-20</subfield>
    <subfield code="t">1</subfield>
    <subfield code="v">39.00</subfield>
    <subfield code="w">2010-01-09</subfield>
    <subfield code="y">CF</subfield>
  </datafield>
  <datafield tag="952" ind1=" " ind2=" ">
    <subfield code="0">0</subfield>
    <subfield code="1">0</subfield>
    <subfield code="2">ddc</subfield>
    <subfield code="4">0</subfield>
    <subfield code="7">0</subfield>
    <subfield code="a">VP</subfield>
    <subfield code="b">VP</subfield>
    <subfield code="d">2010-01-09</subfield>
    <subfield code="e">Pioneers/948/17-11-09/325/13-10-09 /30-11-09 	</subfield>
    <subfield code="g">39.00</subfield>
    <subfield code="l">6</subfield>
    <subfield code="o">DVD  APNA</subfield>
    <subfield code="p">DVD-005592</subfield>
    <subfield code="r">2019-01-30 00:00:00</subfield>
    <subfield code="s">2019-01-29</subfield>
    <subfield code="t">1</subfield>
    <subfield code="v">39.00</subfield>
    <subfield code="w">2010-01-09</subfield>
    <subfield code="y">CF</subfield>
  </datafield>
</record>
